000
00319nam a2200145Ia 4500
008
230718s9999 xx 000 0 und d
041
_a
Eng.
082
_a
519.5
_b
CH.-(
100
_a
ch. Prof Shee M
245
0
_a
(Part 1)
260
_a
Pakistan
_b
Ilmi kilahka
_c
2008
300
_a
582
650
_a
Law
999
_c
26465
_d
26465